Convention sales and services

Salvato in:
Dettagli Bibliografici
Autore principale: Astroff, Milton T.
Altri autori: Abbey, James R.
Natura: Libro
Lingua:inglese
Pubblicazione: Las Vegas Waterbury Press 2002
Edizione:6. ed.
Soggetti:
Tags: Aggiungi Tag
Nessun Tag, puoi essere il primo ad aggiungerne!!

MARC

LEADER 00000nam$a2200000$$$4500
001 0066685
005 20231215114950.1
020 |a 0-9620710-4-8 
041 0 |a eng 
044 |a US 
245 1 0 |a Convention sales and services  |c Milton T. Astroff, James R. Abbey 
250 |a 6. ed. 
264 1 |a Las Vegas  |b Waterbury Press  |c 2002 
300 |a 538 s. 
610 2 0 |a predaj 
610 2 0 |a služby 
610 2 0 |a pohostinstvo 
610 2 0 |a hotely 
610 2 0 |a zariadenia ubytovacie 
610 2 0 |a zariadenia kongresové 
610 2 0 |a konferencie 
610 2 0 |a výstavy 
610 2 0 |a semináre 
610 2 0 |a kurzy 
610 2 0 |a manažéri 
610 2 0 |a pracovníci riadiaci 
610 2 0 |a plán marketingový 
610 2 0 |a rozvrhovanie práce 
610 2 0 |a reklama 
610 2 0 |a vyjednávanie 
610 2 0 |a kontrakty 
610 2 0 |a registrácia 
610 2 0 |a využitie počítačov 
610 2 0 |a informácie 
610 2 0 |a tímy pracovné 
610 2 0 |a organizácia práce 
610 2 0 |a ponuka 
610 2 0 |a ceny 
610 2 0 |a služby obchodné 
100 1 |a Astroff, Milton T. 
700 1 |a Abbey, James R.